000 00387nam a22001337a 4500
003 SGT
020 _a9788192685229
082 _a080
_bB14P
100 _aप्रताप, विजय
245 _aभारतीय पत्रकारों की स्थिति
260 _bमीडिया स्टडीज ग्रुप
_c2014
300 _a84
942 _2ddc
_cBK
999 _c31533
_d31533